Brief biographies of Protestant personalities on postage stamps (Record no. 2304)

000 -LEADER
fixed length control field 00387nam a22000977a 4500
008 - FIXED-LENGTH DATA ELEMENTS--GENERAL INFORMATION
fixed length control field 170306b xxu||||| |||| 00| 0 eng d
100 ## - MAIN ENTRY--AUTHOR'S NAME
Author's Name Marxhausen, E.
245 ## - TITLE STATEMENT
Title Brief biographies of Protestant personalities on postage stamps
260 ## - PUBLICATION, DISTRIBUTION, ETC. (IMPRINT)
Place of publication, distribution, etc. Jefferson, WI
Name of publisher, distributor, etc. Published by Protestant Philately
Date of publication, distribution, etc. 1965
650 ## - TOPICAL TERM (Tag)
Topical term or geographic name Topical Collecting -- Religion | Topical Collecting -- Famous People | Biographies
Holdings
Withdrawn status Lost status Source of classification or shelving scheme Damaged status Koha normalized classification for sorting Not for loan Collection code Permanent Location Current Location Date acquired Total Checkouts Full call number Barcode Date last seen Copy number Price effective from
        G3201 T674 M392     Northern Philatelic Library Northern Philatelic Library 03/06/2017   G3201 T674 M392 1002745 04/15/2017 1 03/06/2017
        G3201 T674 M392     Northern Philatelic Library Northern Philatelic Library 03/06/2017   G3201 T674 M392 1002746 04/15/2017 2 03/06/2017
        G3201 T674 M392     Northern Philatelic Library Northern Philatelic Library 03/06/2017   G3201 T674 M392 1002747 04/15/2017 3 03/06/2017

Powered by Koha